Genetic algorithms in optimisation, simulation and modelling
Saved in:
| Other Authors: | , , |
|---|---|
| Format: | Book |
| Language: | English |
| Published: |
Amsterdam ; Washington, D.C. : Tokyo :
IOS Press ;, Ohmsa,
1994
|
| Series: | Frontiers in artificial intelligence and applications ;
; 13 |
| Subjects: | |
| Tags: |
Add Tag
No Tags, Be the first to tag this record!
|
MARC
| LEADER | 00000nam a2200000 i 4500 | ||
|---|---|---|---|
| 001 | 1/90058 | ||
| 008 | 990922s1994 eng d | ||
| 020 | |a 90-5199-180-0 | ||
| 035 | |l 10052956 | ||
| 040 | |a GR-MY-UA |b gre |e aacr | ||
| 041 | 0 | |a eng | |
| 082 | 0 | |a 006.3015118 | |
| 245 | 1 | 0 | |a Genetic algorithms in optimisation, simulation and modelling / |c edited by J. Stender, E. Hillebrand and J. Kingdon |
| 260 | |a Amsterdam ; Washington, D.C. : |a Tokyo : |b IOS Press ;, |b Ohmsa, |c 1994 | ||
| 300 | |a vii, 261 p.; |b ill.; |c 24 cm. | ||
| 490 | 1 | |a Frontiers in artificial intelligence and applications |v ; 13 | |
| 504 | |a Includes bibliographical references and index. | ||
| 650 | 0 | 0 | |a Genetic engineering. |
| 650 | 0 | 0 | |a Artificial intelligence. |
| 650 | 0 | 0 | |a Mathematical optimization. |
| 650 | 0 | 0 | |a Mathematical models. |
| 650 | 0 | 0 | |a Artificial intelligence |x Mathematical models. |
| 650 | 0 | 0 | |a Algorithms. |
| 700 | 1 | |a Stender, J. |q (Joachim) |4 edt | |
| 700 | 1 | |a Hillebrand, E. (Eva) |4 edt | |
| 700 | 1 | |a Kingdon, Jason. |4 edt | |
| 830 | 0 | |a Frontiers in artificial intelligence and applications ; |v ; 13 | |
| 852 | |a INST |b SAMOS |e 19990922 |h 006.3015118 GEN |p 005300015050 |q 005300015050 |t BK |y 0 | ||
| 901 | |a BIBL3-1999-3 | ||
| 909 | |a Σ |b 067092 | ||
| 922 | |a 3ΕΛΗ |b 199907 |c ΚΠΣ |d GLORY | ||
| 950 | |a 116-1998-08-10 | ||
| 970 | |a ΚΟΣΙΕΡΗΣ |b ΧΡΗΣΤΟΣ |z 1999/09/22 | ||